00820nam a22002297a 450000500170000001000150001702000260003203500140005803700130007208200160008510000270010124500740012826000470020227000430024930000220029270000350031470000260034970000280037594200300040399900190043395201380045220230920125255.0 aENG-138200 a9788181714572c790.00 aEN-121732 bDBAD/PUB a593.4095436 aRaghunathan, C.957095 aSponges of Andaman and Nicobar Islands /cBy C. Raghunathan...[et.al] aKolkatabZoological Survey of Indiac2017 aM- Block, New AliporebKolkatae700053 a112 p.c24cm(pbk) aImmanuel, TituseAuthor956915 aRaghuraman, R.957096 aVenkataraman, K.957097 2ddccENh593.4095436mRAG c198449d198449 001040708NFICaTNbTNd2023-09-20eDBAD/PUBg790.00l0o593.4095436 RAGpEN-121732r2023-09-20 00:00:00t1v790.00w2023-09-20yEN